000
00249nam a2200097Ia 4500
001
689618
005
20250826161637.0
008
250824s9999 xx 000 0 und d
245
0
_a
BİRLİK DÜKKANI
_c
HİKMET ANIL ÖZTEKİN
260
_b
DESTEK YAYINLARI
999
_c
689618
_d
689618